000
00327nam a2200145Ia 4500
008
150201s2006 xx 000 0 und d
082
_a
618.92
_b
C04S
100
_a
SINGH, M.
245
_a
CARE OF THE NEWBORN
250
_a
6TH
260
_b
SAGAR
_a
DELHI
_c
2006
300
_a
1-491
650
_a
PAEDIATRICS
942
_2
ddc
_c
BK
_0
1
999
_c
218
_d
218